Normal view
MARC view
Entry Topical Term
001 - CONTROL NUMBER
- control field: 55333
003 - CONTROL NUMBER IDENTIFIER
- control field: OSt
005 - DATE AND TIME OF LATEST TRANSACTION
- control field: 20250717151322.0
008 - FIXED-LENGTH DATA ELEMENTS
- fixed length control field: 250717|| aca||aabn | a|a d
040 ## - CATALOGING SOURCE
- Original cataloging agency: OSt
- Transcribing agency: OSt
150 ## - HEADING--TOPICAL TERM
- Topical term or geographic name entry element: public servants, marriage-based immigrant status
670 ## - SOURCE DATA FOUND
- Source citation: Work cat.: (OSt)526856: Choi, Junghwa and Robinson, Scott 55332, The experience of active representation in South Korea: How marriage-based immigrant public servants represent their clients
